| 000 | 01881nam a2200529 i 4500 | ||
|---|---|---|---|
| 001 | 15285 | ||
| 003 | KOSZ 005 | ||
| 005 | 20200624101930.0 | ||
| 008 | 200408s1972 pl a f 000 0 pol | ||
| 015 | _aUWD 1972/9669 | ||
| 035 | _a991034598979705066 | ||
| 035 | _a(PL-WaBN)b19314334-48omnis_nlop | ||
| 035 | _ab19314334 | ||
| 035 | _a(OCoLC)838873045 | ||
| 035 | _a(PL)b0000001931433 | ||
| 035 | _a(EXLNZ-48OMNIS_NETWORK)9910186288405606 | ||
| 040 |
_aWA N _cWA N _dKOSZ 005/RW |
||
| 046 | _k1972 | ||
| 080 | _a624.07 | ||
| 080 | _a624.04 | ||
| 080 | _a539.3/.6 | ||
| 100 | 1 |
_aSawczuk, Antoni _d(1927-1984) _eAutor |
|
| 245 | 1 | 0 |
_aAnaliza plastyczna konstrukcji / _cAntoni Sawczuk, Marek Janas, Jan A. König ; Polska Akademia Nauk. Biuro Kadr Naukowych i Spraw Osobowych. |
| 260 |
_aWarszawa : _bZakład Narodowy im. Ossolińskich. Wydawnictwo PAN, _c1972. |
||
| 300 |
_a290, [2] stron, [1] karta tablic : _bilustracje ; _c21 cm. |
||
| 336 |
_aTekst _btxt _2rdacontent |
||
| 337 |
_aBez urządzenia pośredniczącego _bn _2rdamedia |
||
| 338 |
_aWolumin _bnc _2rdacarrier |
||
| 380 | _aKsiążki | ||
| 380 | _aPublikacje naukowe | ||
| 388 | _a1901-2000 | ||
| 388 | _a1945-1989 | ||
| 504 | _aBibliografia przy pracach. | ||
| 650 | 7 | _aKonstrukcje budowlane | |
| 650 | 7 | _aCzęści maszyn | |
| 650 | 7 | _aPlastyczność | |
| 650 | 7 | _aTeoria | |
| 650 | 7 | _aZastosowanie i wykorzystanie | |
| 655 | 7 | _aOpracowanie | |
| 658 | _aInżynieria i technika | ||
| 700 | 1 |
_aJanas, Marek _d(1934- ) _eAutor |
|
| 700 | 1 |
_aKönig, Jan Andrzej _d(1937-1990) _eAutor |
|
| 710 | 2 |
_aZakład Narodowy im. Ossolińskich _bWydawnictwo _4pbl |
|
| 856 |
_uhttp://koha.tu.koszalin.pl/cgi-bin/koha/opac-detail.pl?biblionumber=15285 _yKatalog online BPK |
||
| 942 |
_2UKD _cKS |
||
| 999 |
_c15285 _d15285 |
||